<?xml version="1.0" encoding="UTF-8"?>
<record
    xmlns:xsi="http://www.w3.org/2001/XMLSchema-instance"
    xsi:schemaLocation="http://www.loc.gov/MARC21/slim http://www.loc.gov/standards/marcxml/schema/MARC21slim.xsd"
    xmlns="http://www.loc.gov/MARC21/slim">

  <leader>01302nam a2200241 a 4500</leader>
  <controlfield tag="003">DO-SdBNP</controlfield>
  <controlfield tag="005">20220607113047.0</controlfield>
  <controlfield tag="007">ta</controlfield>
  <controlfield tag="008">220602e195?    dr ||||gr|||| 001 0 spa d</controlfield>
  <datafield tag="040" ind1=" " ind2=" ">
    <subfield code="a">DO-SdBNP</subfield>
    <subfield code="b">spa</subfield>
    <subfield code="c">BNPHU</subfield>
  </datafield>
  <datafield tag="082" ind1=" " ind2="4">
    <subfield code="2">22</subfield>
    <subfield code="b">C569p</subfield>
  </datafield>
  <datafield tag="100" ind1=" " ind2=" ">
    <subfield code="9">60236</subfield>
    <subfield code="a">Steele, Pablo,</subfield>
    <subfield code="d">1911</subfield>
  </datafield>
  <datafield tag="245" ind1="1" ind2="0">
    <subfield code="a">100 pasos hacia una cooperativa de cr&#xE9;dito. /</subfield>
    <subfield code="c">Pablo Steele</subfield>
  </datafield>
  <datafield tag="246" ind1="1" ind2="0">
    <subfield code="a">Cien pasos hacia una cooperativa de cr&#xE9;dito.</subfield>
  </datafield>
  <datafield tag="260" ind1=" " ind2=" ">
    <subfield code="a">Ciudad Trujillo :</subfield>
    <subfield code="b">[Federaci&#xF3;n Dominicana de Cooperativas, Inc.],</subfield>
    <subfield code="c">[1858]</subfield>
  </datafield>
  <datafield tag="300" ind1=" " ind2=" ">
    <subfield code="a">94 p. ;</subfield>
    <subfield code="c">22 cm.</subfield>
  </datafield>
  <datafield tag="505" ind1=" " ind2=" ">
    <subfield code="a">Pr&#xF3;logo.</subfield>
    <subfield code="g">Primera parte-- Ciertos aspectos de la utilidad y de los problemas de cooperativas en el mundo actual.--</subfield>
    <subfield code="t">Cap&#xED;tulo I- Valor de agrupaciones.- Cap&#xED;tulo II- La pobreza universal.- Cap&#xED;tulo III- C&#xED;culo vicioso.-- Cap&#xED;tulo IV- Educaci&#xF3;n.--</subfield>
    <subfield code="g">Segunda parte- Cien preguntas y respuestas relativas y a una cooperativa de cr&#xE9;dito.--</subfield>
    <subfield code="t">Cap&#xED;tulo V- Puntos Generales.--</subfield>
    <subfield code="t">Cap&#xED;tulo VI- Directores.--</subfield>
    <subfield code="t">Cap&#xED;tulo VII. Socios.--</subfield>
    <subfield code="t">Cap&#xED;tulo VIII- Pr&#xE9;stamos</subfield>
    <subfield code="t">Cap&#xED;tulo IX- Miscel&#xE1;neos.--</subfield>
    <subfield code="g">Tercera parte - Gu&#xED;a directriz para cooperativas.</subfield>
  </datafield>
  <datafield tag="590" ind1=" " ind2=" ">
    <subfield code="a">Inventariado 2022 / MF</subfield>
  </datafield>
  <datafield tag="650" ind1=" " ind2="4">
    <subfield code="9">6532</subfield>
    <subfield code="a">Cooperativas</subfield>
    <subfield code="z">Rep&#xFA;blica Dominicana</subfield>
  </datafield>
  <datafield tag="650" ind1=" " ind2="4">
    <subfield code="a">Administraci&#xF3;n de cooperativas.</subfield>
    <subfield code="9">21613</subfield>
  </datafield>
  <datafield tag="910" ind1=" " ind2=" ">
    <subfield code="a">MFeliz</subfield>
  </datafield>
  <datafield tag="942" ind1=" " ind2=" ">
    <subfield code="2">ddc</subfield>
    <subfield code="c">LBS1</subfield>
  </datafield>
  <datafield tag="952" ind1=" " ind2=" ">
    <subfield code="0">0</subfield>
    <subfield code="1">0</subfield>
    <subfield code="2">ddc</subfield>
    <subfield code="5">1</subfield>
    <subfield code="7">0</subfield>
    <subfield code="8">PD-RV</subfield>
    <subfield code="a">BNPHU</subfield>
    <subfield code="b">BNPHU</subfield>
    <subfield code="c">HD</subfield>
    <subfield code="d">2013-06-02</subfield>
    <subfield code="e">Donado por Familia Reyes Duluc</subfield>
    <subfield code="l">0</subfield>
    <subfield code="o">C569p</subfield>
    <subfield code="p">2022-2652</subfield>
    <subfield code="r">2022-06-02</subfield>
    <subfield code="w">2022-06-02</subfield>
    <subfield code="y">LBS1</subfield>
  </datafield>
  <datafield tag="999" ind1=" " ind2=" ">
    <subfield code="c">51905</subfield>
    <subfield code="d">51905</subfield>
  </datafield>
</record>
